Germany : preliminary compilation of selected laws, decrees, and regulations: war damage /
Saved in:
| Corporate Authors: | , |
|---|---|
| Other Authors: | |
| Format: | Book |
| Language: | English |
| Published: |
[Washington, D.C. :
Treasury Dept., Office of the General Counsel,
1944.
|
| Subjects: | |
| Tags: |
Add Tag
No Tags, Be the first to tag this record!
|
| LEADER | 00839nam a2200229 i 4500 | ||
|---|---|---|---|
| 001 | 008564850-7 | ||
| 005 | 20020606104010.5 | ||
| 008 | 010208s1944 dcu f000 0 eng u | ||
| 035 | 0 | |a ocm46489654 | |
| 035 | 1 | |a MAHL01B341 | |
| 035 | 1 | |z CTYL2919503B | |
| 050 | 4 | |a KK7642 |b .G47 1944 | |
| 110 | 1 | |a Germany. | |
| 245 | 1 | 0 | |a Germany : |b preliminary compilation of selected laws, decrees, and regulations: war damage / |c prepared by Clifford J. Hynning. |
| 260 | |a [Washington, D.C. : |b Treasury Dept., Office of the General Counsel, |c 1944. | ||
| 300 | |a 49 p. ; |c 26 cm. | ||
| 500 | |a At head of title: Confidential. | ||
| 650 | 0 | |a War damage compensation |z Germany. | |
| 700 | 1 | |a Hynning, Clifford J. |q (Clifford James), |d 1913- | |
| 710 | 1 | |a United States. |b Department of the Treasury. |b Office of the General Counsel. | |
| 988 | |a 20020608 | ||
| 906 | |0 RLIN | ||


